000 00446nam a2200121 a 4500
008 120416nuuuuuuuuxx |||||||||||||| || u
050 _aTS 180 Ree
100 _aReed, Ruddell
245 1 0 _aEffective material handling planning and management
260 _cLondon
350 _a0.00
995 _D0.00
_FCBU-MAIN LIBRARY (Kitwe)
_H1
_I3.50
_UWEEDED
_VAug 31, 2017
_ZMain Library Open Access Collection
999 _c41283
_d41283